[Event "Vina del Mar op 11th"]
[Site "Vina del Mar"]
[Date "2019.??.??"]
[Round "1"]
[White "Azocar Gajardo, Javiera"]
[Black "Flores Knistoff, Dennis Esteban"]
[Result "0-1"]
[WhiteElo "956"]
[BlackElo "1551"]
[PlyCount "74"]
[EventDate "2019.05.19"]
[EventType "swiss"]
[EventRounds "6"]
[EventCountry "CHI"]
[SourceTitle "CBM 190 Extra"]
[Source "ChessBase"]
[SourceDate "2019.07.15"]
[SourceVersion "1"]
[SourceVersionDate "2019.07.15"]
[SourceQuality "1"]

1. e4 g6 2. d4 d6 3. g3 Bg7 4. Nc3 Nf6 5. Bg2 Nbd7 6. Nf3 c5 7. Be3 Qb6 8. Qd3 0-0 9. 0-0-0 e5 10. dxe5 dxe5 11. g4 Nxg4 12. Bh3 Nxe3 13. Qxe3 f5 14. exf5 gxf5 15. Na4 Qc6 16. Qb3+ Kh8 17. Rhg1 Qh6+ 18. Ng5 Bf6 19. Qe3 f4 20. Qb3 Bxg5 21. Kb1 Nf6 22. Bxc8 Raxc8 23. Qxb7 Rb8 24. Qxa7 Ra8 25. Qxc5 Rxa4 26. h4 Bxh4 27. Rh1 Raa8 28. Qxe5 Rae8 29. Qb5 Qg5 30. Qd3 Ne4 31. Qd4+ Qf6 32. Qxf6+ Bxf6 33. f3 Nf2 34. Rxh7+ Kxh7 35. Rd7+ Kg6 36. b4 Re1+ 37. Rd1 Rxd1# 0-1

[Event "Vina del Mar op 11th"]
[Site "Vina del Mar"]
[Date "2019.??.??"]
[Round "3"]
[White "Neira Zamudio, Rafael Thomas"]
[Black "Flores Knistoff, Dennis Esteban"]
[Result "1/2-1/2"]
[WhiteElo "1330"]
[BlackElo "1551"]
[PlyCount "49"]
[EventDate "2019.05.19"]
[EventType "swiss"]
[EventRounds "6"]
[EventCountry "CHI"]
[SourceTitle "CBM 190 Extra"]
[Source "ChessBase"]
[SourceDate "2019.07.15"]
[SourceVersion "1"]
[SourceVersionDate "2019.07.15"]
[SourceQuality "1"]

1. c4 Nf6 2. g3 e6 3. Bg2 d5 4. cxd5 exd5 5. Nf3 Bd6 6. Nc3 c6 7. d4 Bf5 8. Bg5 h6 9. Bxf6 Qxf6 10. Qb3 Qe7 11. 0-0 0-0 12. Rfe1 Be6 13. Qc2 f5 14. Nh4 Qf7 15. e3 Nd7 16. f4 Rac8 17. Qa4 Bb8 18. b4 Nb6 19. Qb3 a6 20. Bf1 Nc4 21. Nf3 Rfe8 22. Na4 Ba7 23. Nb2 b5 24. Nd3 Rb8 25. Nde5 1/2-1/2